|
|
|
|
| LEADER |
00594cam a2200181 7i4500 |
| 001 |
0000025482 |
| 005 |
20110118090000.0 |
| 090 |
0 |
0 |
|a SR 338.7
|b MAL
|
| 110 |
2 |
0 |
|a Malaysia External Trade Development Corporation (MATRADE)
|
| 245 |
2 |
0 |
|a China's service trade market.
|
| 260 |
0 |
0 |
|a Shanghai:
|b MATRADE Shanghai,
|c 2008.
|
| 300 |
# |
# |
|a 19 p.
|
| 440 |
0 |
0 |
|a Product Market Study
|
| 650 |
0 |
0 |
|a Business --
|z China
|
| 650 |
0 |
0 |
|a Services --
|z China
|
| 651 |
0 |
0 |
|a China
|
| 999 |
|
|
|a 0000025268
|b Book
|c Services
|e Business Information Centre
|
| 999 |
|
|
|a 0000024854
|b Book
|c MATRADEs Collection
|e Business Information Centre
|